LIBRARY & INFORMATION CENTRE, KCAET, TAVANUR

ONLINE PUBLIC ACCESS CATALOGUE (OPAC)

Gavyasastram / (Record no. 4111)

MARC details
000 -LEADER
fixed length control field 00746cam a2200313ua 4500
041 ## - LANGUAGE CODE
Language code of text/sound track or separate title mal
082 ## - DEWEY DECIMAL CLASSIFICATION NUMBER
Classification number 637.14
Item number SAN/GA
100 ## - MAIN ENTRY--AUTHOR NAME
Personal name Sankunni, T R .
245 ## - TITLE STATEMENT
Title Gavyasastram /
250 ## - EDITION STATEMENT
Edition statement 1 /
260 ## - PUBLICATION, DISTRIBUTION, ETC. (IMPRINT)
Place of publication Thiruvananthapuram :
Name of publisher Kerala Bhasha Institute ,
Year of publication 1971.
300 ## - PHYSICAL DESCRIPTION
Number of Pages 248 ; .
650 ## - SUBJECT ADDED ENTRY--TOPICAL TERM
Topical Term Diary Science
942 ## - ADDED ENTRY ELEMENTS (KOHA)
Koha item type Books
Holdings
Withdrawn status Lost status Damaged status Home library Current library Date acquired Full call number Accession Number Koha item type
      KAUAET KAUAET 07/04/2012 637.14 13541 Books
      KAUAET KAUAET 07/04/2012 637.14 13545 Books
      KAUAET KAUAET 07/04/2012 637.14 13539 Books
      KAUAET KAUAET 07/04/2012 637.14 14438 Books
      KAUAET KAUAET 07/04/2012 637.14 13544 Books
      KAUAET KAUAET 07/04/2012 637.14 14435 Books
      KAUAET KAUAET 07/04/2012 637.14 13543 Books
      KAUAET KAUAET 07/04/2012 637.14 14437 Books
      KAUAET KAUAET 07/04/2012 637.14 14436 Books
      KAUAET KAUAET 07/04/2012 637.14 14439 Books
      KAUAET KAUAET 07/04/2012 637.14 13540 Books
free website counter